00961nam a22002537a 450000500170000001000130001702000230003003500120005303700160006504000120008108200170009310000270011024501330013726000440027027000460031430000260036050000190038665000350040565000280044070000240046894200260049299900190051895201700053720170124105958.0 aA-604762 c110.00a0876927991 aB-58845 bCen Lib/Ret aDPLbEN a353.078bOSB aOsborne, David 915201 aReinventing government :cby David Osborne [and] Ted Gaeblerbhow the entrepreneurial spirit is transforming the public sector / aNew DelhibPrentice-Hall of Indiac1992 aM-97, Connaught CircusbNew Delhie110001 axxii, 405p.c23cm(Hb) aIncludes index aGovernment productivity915202 aEntrepreneurship986287 aGaebler, Ted915204 2ddccENh353.078mOSB c125692d125692 04104070aLbLd2015-06-23eCen Lib/Ret g110.00l0o353.078 OSBpA-604762r2015-06-23 00:00:00t1v110.00w2015-06-23yENzW/d List No. 6886/14 ; dtd 07/09/2020